|
|
|
|
| LEADER |
00000cam a2200000 a 4500 |
| 001 |
vtls010033926 |
| 003 |
SK-MaSNL |
| 005 |
20260301083425.0 |
| 008 |
240318s2009 xo l f 000 0 slo |
| 015 |
|
|
|a SNBA2010/05-02423
|
| 020 |
|
|
|a 9788080633202
|q (brož.)
|
| 035 |
|
|
|a urn:nbn:sk:snk-am00a07s
|
| 035 |
|
|
|a urn:nbn:sk:snk-am3hby0
|
| 035 |
|
|
|a D8C37693-61A4-4D9B-9905-092C7A125181
|
| 040 |
|
|
|a SNK
|b slo
|c SNK
|e AACR2
|
| 041 |
0 |
|
|a slo
|
| 044 |
|
|
|a xo
|c SK
|
| 072 |
|
7 |
|a 613
|x Hygiena. Ľudské zdravie
|2 konspekt
|
| 080 |
|
|
|a 613/614
|2 2001
|
| 080 |
|
|
|a 613:37.03
|2 2001
|
| 080 |
|
|
|a 616-084
|2 2001
|
| 080 |
|
|
|a (048.8)
|2 2001
|
| 080 |
|
|
|a 616-083
|2 2001
|
| 100 |
1 |
|
|a Bašková, Martina,
|d 1972-
|4 aut
|9 21037
|
| 245 |
1 |
0 |
|a Výchova k zdraviu
|c Martina Bašková a kolektív
|
| 260 |
|
|
|a Martin
|b Osveta
|c 2009
|
| 300 |
|
|
|a 226 s.
|b sch., tab.
|c 24 cm
|
| 504 |
|
|
|a Bibliogr. odkazy
|
| 650 |
0 |
7 |
|a zdravie
|2 SNKPH
|9 16322
|
| 650 |
0 |
7 |
|a výchova k zdraviu
|2 SNKPH
|9 66742
|
| 650 |
0 |
7 |
|a prevencia ochorení
|2 SNKPH
|9 69501
|
| 650 |
0 |
7 |
|a Health
|2 SNKPHeng
|9 265749
|
| 650 |
0 |
7 |
|a Health education
|2 SNKPHeng
|9 329572
|
| 650 |
0 |
7 |
|a Prevention of diseases
|2 SNKPHeng
|9 267625
|
| 650 |
0 |
7 |
|a Nursing
|2 SNKPHeng
|9 267855
|
| 650 |
0 |
7 |
|a ošetrovateľstvo
|2 SNKPH
|9 2557
|
| 655 |
|
7 |
|a monografie
|2 SNKPH
|9 70139
|
| 655 |
|
7 |
|a Monographs
|2 SNKPHeng
|9 120675
|
| 852 |
|
|
|a Štátna vedecká knižnica v Banskej Bystrici
|
| 919 |
|
|
|a 978-80-8063-320-2
|
| 958 |
|
|
|a NB
|
| 958 |
|
|
|a MI
|
| 968 |
|
|
|d 61
|
| 999 |
|
|
|c 660484
|d 662414
|
| 952 |
|
|
|a SNK
|b SNK
|y PREZ
|7 0
|p 17A0651565
|o snkSC 139647
|i snk2010/6651
|8 0
|0 0
|1 0
|4 0
|d 2010-03-31
|f 1
|l 0
|r 2025-07-08 00:00:00
|w 2026-02-23
|
| 952 |
|
|
|a SNK
|b SNK
|y VYP
|7 0
|p 17A0651566
|o snkSC 139647 D1
|i snk2010/6652
|8 0
|0 0
|1 0
|4 0
|d 2010-03-31
|l 0
|r 2026-02-23 18:52:00
|w 2026-02-23
|